Normal view
MARC view
- SPOT-TV
Entry Topical Term
001 - CONTROL NUMBER
- control field: 55930
003 - CONTROL NUMBER IDENTIFIER
- control field: IT-RoPau
005 - DATE AND TIME OF LATEST TRANSACTION
- control field: 20151204115004.0
008 - FIXED-LENGTH DATA ELEMENTS
- fixed length control field: 151204|| aca||aabn | a|a d
040 ## - CATALOGING SOURCE
- Original cataloging agency: IT-RoPau
- Transcribing agency: IT-RoPau
150 ## - HEADING--TOPICAL TERM
- Topical term or geographic name entry element: SPOT-TV
- : TV-PROGRAMMI DI PUBBLICITA' [VHS]
- General subdivision: Codice MATERIA SPICS: 9968
670 ## - SOURCE DATA FOUND
- Source citation: Work cat.: (IT-RoPau)108506: Vezzani Lorenzo Codice regista SPICS: 1405 55928, MONTAGGIO PUBBLICITA' TV 90 MONTAGGIO PUBBLICITA' TV 90 (Rif. Codice opera principale : C8787), "1995 (1° ed.: 1995 ; Ed. Lingua Orig.: 1995)"